000 00455nam a22001697a 4500
999 _c524065
_d524065
003 NUST
038 _awaseem
082 _a891.4391
_bQAD
100 _aQadri, Abdul Qadir
_914889
245 _aNaseem-e-Ijaz /
_cAbdul Qadir Qadri
260 _aLahore :
_bKhazina Ilam w Adab,
_c2009.
300 _a112 p. ;
500 _aHardcover.
880 _6100-02\r
_aعبدالقادر قادری
880 _6245-02\r
_aنسیمِ حجاز /
942 _2ddc
_cBK